00639cam a2200217 a 4500001000500000005001700005020001800022040002300040050002100063082001100084100002900095245004100124260004000165300004700205490004000252505000800292520004700300521002000347521002000367650003400387382320240515115728.0 a9780531147672 aDLCcDLCdDLCbeng10aQB671.T235b200800a523.461 aTaylor-Butler, Christine10aSaturn /cby Christine Taylor-Butler aNew York :bChildren's Press,c2008 a24 pages : bcolor illustrations ;c21 cm. a Scholastic News Nonfiction Readers0 aM  aA basic introduction to the planet Saturn. a550 bLexile  aM bRaz-Plus  aSaturn vJuvenile Literature